Least Populous Country of World per Letter Minefield Quiz Stats

Quiz Updated Jul 14, 2016

Score 0/25 Timer 09:00
18 Plays Today
Letter Country % Correct
V???
55.6%
A???
48.7%
Y???
45.9%
Q???
44%
O???
40.2%
M???
34.4%
N???
32.3%
Z???
30.8%
S???
29.1%
P???
28.8%
F???
26.3%
T???
26.3%
L???
26%
Letter Country % Correct
K???
25.4%
I???
19%
J???
18%
B???
17.8%
D???
17%
G???
13.9%
C???
11.8%
H???
11.2%
U???
11.1%
E???
9.6%
R???
6%
Mines???
3.9%

You're not logged in!

Compare scores with friends on all Sporcle quizzes.
Sign Up with Email
OR
Log In

Show Comments

Extras

Top Quizzes Today


Score Distribution

Your Account Isn't Verified!

In order to create a playlist on Sporcle, you need to verify the email address you used during registration. Go to your Sporcle Settings to finish the process.